[Event "It"]
[Site "masterchessopen.com Birseck (Switzerland)"]
[Round "5"]
[White "Zinser Sylvain (FRA)"]
[Black "Wirthensohn Heinz (SUI)"]
[Result "0-1"]
[WhiteElo "2295"]
[BlackElo "2359"]

1.d4 Nf6 2.c4 g6 3.g3 Bg7 4.Bg2 d6 5.Nf3 O-O 6.O-O Nbd7 7.Nc3 e5 8.e4 c6 9.Rb1
a6 10.Re1 b5 11.b3 Bb7 12.h3 exd4 13.Nxd4 b4 14.Nce2 Nc5 15.f3 Re8 16.Nc2 Qb6
17.Be3 d5 18.cxd5 cxd5 19.Qd4 dxe4 20.Qxc5 Qxc5 21.Bxc5 exf3 22.Nf4 fxg2
23.Bxb4 Ne4 24.Kh2 a5 25.Ba3 Nd2 {#R} 0-1

[Event "Ch Czechoslovakia (1/2 final) (A)"]
[Site "masterchessopen.com Havirov (Czech Republic)"]
[Round "12"]
[White "Jankovec Ivan (CZE)"]
[Black "Vrabec Milos (CZE)"]
[Result "1-0"]
[WhiteElo "2180"]
[BlackElo "2175"]

1.d4 g6 2.Nf3 Bg7 3.g3 d6 4.Bg2 Nd7 5.O-O e5 6.c4 Ngf6 7.Nc3 O-O 8.e4 c6 9.Be3
Ng4 10.Bg5 Qb6 11.h3 exd4 12.Na4 Qa6 13.hxg4 b5 14.Be7 Re8 15.Bxd6 bxa4 16.e5
Bb7 17.c5 Nxe5 18.Nxe5 Bxe5 19.Bxe5 Rxe5 20.Qxd4 Rae8 21.Rac1 Qa5 22.Rfd1 Qc7
23.Qxa4 Qe7 24.Bxc6 Bxc6 25.Qxc6 Re2 26.Qf3 Rxb2 27.c6 Rbb8 28.Rd7 Qe6 29.Rxa7
Rbc8 30.Kg2 Re7 31.Rxe7 Qxe7 32.Qf4 Qa3 33.Qc4 Rc7 34.Rc3 Qa8 35.g5 Qa5 36.f4
Qb6 37.Rc2 {#r} 1-0

[Event "It"]
[Site "masterchessopen.com Buenos Aires (Argentina)"]
[Round "0"]
[White "Szmetan Jorge (ARG)"]
[Black "Rodriguez Orestes (ESP)"]
[Result "0-1"]
[WhiteElo "2390"]
[BlackElo "2403"]

1.Nf3 Nf6 2.g3 g6 3.Bg2 Bg7 4.O-O O-O 5.c4 d6 6.Nc3 e5 7.d4 Nbd7 8.e4 c6 9.Rb1
a5 10.h3 Re8 11.Be3 exd4 12.Nxd4 Nc5 13.Qc2 Qe7 14.Rbe1 Bd7 15.Nb3 Nxb3
16.axb3 b5 17.cxb5 cxb5 18.Bg5 Qe5 19.Bf4 Qh5 20.g4 Qc5 21.Bxd6 Qxd6 22.e5
Rxe5 23.Rxe5 Qxe5 24.Bxa8 Bxg4 25.Bg2 b4 26.hxg4 Nxg4 27.Rd1 Qc7 28.Qe4 bxc3
29.bxc3 h5 30.c4 Bf8 31.Rd2 Bc5 32.Qe8+ Kg7 33.Rd8 Kf6 34.Qh8+ Kg5 35.Rd5+ Kf4
36.Qc3 Bxf2+ 37.Kf1 f5 38.Bf3 Be3 39.Ke2 Qe7 40.Bxg4 Bd4+ {#R} 0-1

[Event "Ch USA"]
[Site "masterchessopen.com El Paso (USA)"]
[Round "0"]
[White "Bisguier Arthur B (USA)"]
[Black "Grefe John A (USA)"]
[Result "0-1"]
[WhiteElo "2237"]
[BlackElo "2316"]

1.c4 g6 2.e4 Bg7 3.d4 d6 4.Nc3 e5 5.Nf3 Nd7 6.g3 Ngf6 7.Bg2 O-O 8.O-O c6 9.b3
Re8 10.Bb2 exd4 11.Nxd4 Nc5 12.Qc2 a5 13.Rad1 Qb6 14.Nde2 a4 15.Nxa4 Nxa4
16.bxa4 Qb4 17.a3 Qxa4 18.Qc1 Qb3 19.Nf4 Ra4 20.Qa1 Nh5 21.Bxg7 Nxg7 22.Rxd6
Rxa3 23.Rd3 Rxa1 24.Rxb3 Ra4 25.Rc1 Rd8 26.Bf1 Kf8 27.f3 Ke7 28.Rd3 Rxd3
29.Nxd3 Ne6 30.Bh3 Ra3 31.Ne1 Nd4 32.Rd1 Ne2+ 33.Kg2 Ra2 34.Bxc8 Nc3+ 35.Kg1
Nxd1 36.Bxb7 Kd7 {#R} 0-1

[Event "It"]
[Site "masterchessopen.com Halle (Germany)"]
[Round "0"]
[White "Liebert Heinz (GER)"]
[Black "Moehring Guenther (GER)"]
[Result "1-0"]
[WhiteElo "2445"]
[BlackElo "2450"]

1.c4 g6 2.d4 Nf6 3.Nf3 Bg7 4.g3 O-O 5.Bg2 d6 6.Nc3 Nbd7 7.O-O e5 8.e4 Re8 9.h3
exd4 10.Nxd4 Nc5 11.Re1 a5 12.Ndb5 Be6 13.e5 dxe5 14.Qxd8 Raxd8 15.Nxc7 Re7
16.Nxe6 Rxe6 17.Be3 Nd3 18.Rad1 e4 19.Re2 Rde8 20.Nxe4 Nxb2 21.Rxb2 Nxe4
22.Rxb7 Nxg3 23.Rdd7 Ne2+ 24.Kh1 Ng3+ 25.fxg3 Rxe3 26.Rxf7 Re1+ 27.Kh2 Bd4
28.h4 R8e2 29.Rfd7 Bc5 30.Rg7+ Kf8 31.Rxh7 Kg8 32.Rhg7+ Kf8 33.Rbf7+ Ke8
34.Rc7 Kf8 {#r} 1-0

[Event "Cup URS"]
[Site "masterchessopen.com Tbilisi (Georgia)"]
[Round "0"]
[White "Vladimirov Evgeny (KAZ)"]
[Black "Dzuban Oleg I (KAZ)"]
[Result "1-0"]
[WhiteElo "2601"]
[BlackElo "2362"]

1.d4 Nf6 2.c4 g6 3.Nc3 Bg7 4.Nf3 O-O 5.g3 d6 6.Bg2 Nbd7 7.O-O e5 8.e4 c6 9.Qc2
exd4 10.Nxd4 Nc5 11.Rd1 Nfd7 12.h3 a5 13.Be3 a4 14.Rd2 Qa5 15.Rad1 Re8 16.Kh2
Nb6 17.Bf1 Qb4 18.a3 Qa5 19.g4 Bd7 20.f4 f5 21.gxf5 gxf5 22.Rg2 Nxe4 23.Bd3
Re7 24.Bxe4 fxe4 25.Nxe4 Kh8 26.Rg5 d5 27.Rdg1 Nxc4 28.Rh5 Rxe4 29.Qg2 Re7
30.Qg6 h6 31.Rxh6+ Kg8 32.Rh7 Kf8 33.Rh8+ {#r} 1-0

[Event "It (b)"]
[Site "masterchessopen.com Wijk aan Zee (Netherlands)"]
[Round "2"]
[White "Timman Jan H (NED)"]
[Black "Enklaar Bertus F (NED)"]
[Result "0-1"]
[WhiteElo "2510"]
[BlackElo "2410"]

1.Nf3 Nf6 2.c4 g6 3.g3 Bg7 4.Bg2 O-O 5.O-O d6 6.d4 Nbd7 7.Nc3 e5 8.e4 c6 9.Rb1
a6 10.Qc2 b5 11.b3 Qe7 12.Ba3 exd4 13.Nxd4 Bb7 14.Nde2 Rfe8 15.Rfe1 Nc5
16.Rbd1 Rad8 17.h3 Qc7 18.Bxc5 dxc5 19.Rxd8 Rxd8 20.f4 Bc8 21.g4 Ne8 22.Rd1
Bd4+ 23.Nxd4 cxd4 24.Ne2 c5 25.e5 Bb7 26.Ng3 Bxg2 27.Kxg2 bxc4 28.Qxc4 Qc6+
29.Kf2 Nc7 30.f5 Qd5 31.Re1 Kf8 32.Qxd5 Rxd5 33.Kf3 Nb5 34.Ne4 Rxe5 35.Kf4 f6
36.Rc1 d3 37.Rc4 Rxe4+ {#R} 0-1

[Event "Tournament (team)"]
[Site "masterchessopen.com Hallstadt (Germany)"]
[Round "3"]
[White "Christoph Manfred Dr (GER)"]
[Black "Lau Ralf (GER)"]
[Result "0-1"]
[WhiteElo "2300"]
[BlackElo "2437"]

1.Nf3 Nf6 2.c4 g6 3.g3 Bg7 4.Bg2 O-O 5.O-O d6 6.Nc3 e5 7.e4 Nbd7 8.d4 c6 9.b3
Re8 10.Re1 exd4 11.Nxd4 a5 12.Ba3 Nc5 13.Qd2 Qb6 14.Nc2 Ng4 15.Rad1 Nxf2
16.Qxf2 Bxc3 17.Rf1 Be6 18.Rxd6 Nd7 19.c5 Qc7 20.Nd4 Nf8 21.Rc1 Bb4 22.Bxb4
axb4 23.Rc2 Ra5 24.e5 Bc8 25.Qf4 Qe7 26.Nf3 Bf5 27.Qxb4 Rb5 28.Qc3 Bxc2
29.Qxc2 Ne6 30.Qd2 Rxc5 31.Bh3 Rd5 32.Qb4 Ng5 33.Nxg5 Qxg5 34.e6 Qe3+ 35.Kf1
fxe6 {#R} 0-1

[Event "It (open) \"]
[Site "masterchessopen.com Oslo (Norway)"]
[Round "2"]
[White "Flesch Janos"]
[Black "Moen Ole-Christian (NOR)"]
[Result "1-0"]
[WhiteElo "2390"]
[BlackElo "2220"]

1.Nf3 Nf6 2.g3 g6 3.Bg2 Bg7 4.O-O O-O 5.c4 d6 6.d4 Nbd7 7.Nc3 e5 8.e4 c6 9.Rb1
a6 10.Qc2 b5 11.Rd1 Ng4 12.cxb5 axb5 13.h3 exd4 14.Nxd4 Nge5 15.f4 Nc4 16.e5
Bb7 17.b3 dxe5 18.Ndxb5 cxb5 19.bxc4 Bxg2 20.Kxg2 exf4 21.Bxf4 Ra3 22.Rb3 Qa8+
23.Kh2 Ne5 24.Rxa3 Qxa3 25.Nxb5 Qa8 26.Qg2 Nxc4 27.Qxa8 Rxa8 28.Kh1 Bb2 29.Bh6
f5 30.Nc7 Rxa2 31.Rd8+ Kf7 32.Rd7+ Kf6 33.Bg7+ Kg5 34.Ne6+ Kh5 35.Bxb2 g5
36.Rxh7+ Kg6 37.Nf8# 1-0

[Event "Memorial Hodzhaev"]
[Site "masterchessopen.com Tashkent (Uzbekistan)"]
[Round "0"]
[White "Donchenko Anatoly G (GER)"]
[Black "Loginov Valery A (RUS)"]
[Result "0-1"]
[WhiteElo "2385"]
[BlackElo "2486"]

1.d4 Nf6 2.c4 g6 3.Nf3 Bg7 4.g3 O-O 5.Bg2 d6 6.O-O Nbd7 7.Nc3 e5 8.e4 c6 9.Be3
a5 10.h3 exd4 11.Nxd4 Re8 12.Qc2 Nc5 13.Rfe1 a4 14.Rad1 Nfd7 15.Nde2 Qa5
16.Rxd6 Ne5 17.b3 axb3 18.axb3 Bxh3 19.b4 Bxg2 20.Rb1 Qxb4 21.Rxb4 Nf3+
22.Kxg2 Ne1+ 23.Kf1 Nxc2 24.Bxc5 Nxb4 25.Bxb4 Bf8 26.f4 c5 27.Bxc5 Rec8 28.Rd7
Rxc5 29.Rxb7 Rxc4 30.e5 Rd8 31.Rb5 Bc5 32.Ne4 Rxe4 {#R} 0-1

[Event "Ch \"]
[Site "masterchessopen.com URS"]
[Round "0"]
[White "Zlotnikov Mikhail (USA)"]
[Black "Zhelnin Vladimir V (RUS)"]
[Result "0-1"]
[WhiteElo "2285"]
[BlackElo "2430"]

1.Nf3 Nf6 2.g3 g6 3.Bg2 Bg7 4.O-O O-O 5.c4 d6 6.Nc3 e5 7.d4 Nbd7 8.e4 c6 9.d5
Nc5 10.Qc2 cxd5 11.cxd5 a5 12.Be3 b6 13.Rfd1 Ng4 14.Bxc5 bxc5 15.h3 Nf6 16.Nb5
Ne8 17.Nd2 f5 18.Nc4 Rf7 19.a4 f4 20.Ra3 Bf8 21.Rb3 Ng7 22.Nba3 Ba6 23.Qd2 Bc8
24.Qc2 Ra6 25.Rdd3 Bd7 26.Nb5 Nh5 27.g4 Nf6 28.f3 Ne8 29.Qd2 h5 30.Nc3 Rh7
31.Rb7 hxg4 32.fxg4 Bxg4 33.Rxh7 Bc8 34.Nd1 Kxh7 35.Rb3 Bd7 36.Rb7 Nf6 37.Qc3
Qc8 38.Nxa5 Qa8 39.b4 cxb4 40.Qxb4 Rxa5 {#R} 0-1

[Event "Ch NRW"]
[Site "masterchessopen.com Brilon (Germany)"]
[Round "6"]
[White "Budde Vladimir (GER)"]
[Black "Rosen Willy (GER)"]
[Result "1-0"]
[WhiteElo "2291"]
[BlackElo "2302"]

1.Nf3 Nf6 2.c4 g6 3.Nc3 Bg7 4.d4 d6 5.g3 O-O 6.Bg2 Nbd7 7.O-O e5 8.e4 c6 9.Rb1
a5 10.h3 Re8 11.Re1 Qe7 12.b3 exd4 13.Nxd4 Nc5 14.Qc2 Nfd7 15.Be3 Nf8 16.Rbd1
Nfe6 17.f4 f5 18.Nxe6 Nxe6 19.exf5 gxf5 20.Na4 Qf6 21.Bf2 Nc7 22.Rxe8+ Nxe8
23.Nb6 Rb8 24.Qd2 Qc3 25.Qe2 Kf8 26.Re1 {#r} 1-0

[Event "Ch Hungary"]
[Site "masterchessopen.com Budapest (Hungary)"]
[Round "0"]
[White "Csom Istvan (HUN)"]
[Black "Hazai Laszlo (HUN)"]
[Result "1-0"]
[WhiteElo "2535"]
[BlackElo "2440"]

1.d4 d6 2.Nf3 g6 3.c4 Bg7 4.Nc3 Nf6 5.g3 O-O 6.Bg2 Nbd7 7.O-O e5 8.e4 c6 9.b3
exd4 10.Nxd4 Re8 11.h3 Nc5 12.Re1 d5 13.cxd5 cxd5 14.exd5 Rxe1+ 15.Qxe1 Nxd5
16.Bxd5 Bxd4 17.Qd2 Qf6 18.Bb2 Qg7 19.Rd1 Bf6 20.Qe3 Ne6 21.Rd2 Nd8 22.Ba3 Ne6
23.Ne4 Bd4 24.Qd3 Be5 25.Bxe6 {#r} 1-0

[Event "Ch Colombia"]
[Site "masterchessopen.com Medellin (Colombia)"]
[Date "1977.03.19"]
[Round "7"]
[White "Alzate Javier (COL)"]
[Black "Garcia Luis E (COL)"]
[Result "1-0"]
[WhiteElo "2310"]
[BlackElo "2192"]

1.Nf3 Nf6 2.g3 g6 3.Bg2 Bg7 4.O-O O-O 5.c4 d6 6.d4 Nbd7 7.Nc3 e5 8.e4 c6 9.Rb1
Re8 10.d5 Nc5 11.Bg5 a5 12.Ne1 h6 13.Be3 cxd5 14.Bxc5 dxc5 15.cxd5 Bd7 16.f4
Ng4 17.Qf3 exf4 18.gxf4 Bd4+ 19.Kh1 Qh4 20.h3 Ne3 21.Nd3 Bg4 22.Qf2 Qh5 23.Qg3
Nxf1 24.Rxf1 Be2 25.Re1 Bxc3 26.bxc3 Bxd3 27.Qxd3 Qh4 28.Rf1 Qe7 29.e5 Kh8
30.d6 Qd7 31.Bd5 Rad8 32.Kh2 Kg7 33.Rg1 Kh8 34.c4 g5 35.Qe4 f5 36.Qf3 Qg7
37.Qh5 Rxe5 38.fxe5 Qxe5+ 39.Kh1 Rxd6 40.Rxg5 Qe1+ 41.Rg1 {#r} 1-0

[Event "It (open) \"]
[Site "masterchessopen.com London (England)"]
[Round "6"]
[White "Quinteros Miguel A (ARG)"]
[Black "Kinlay Jonathan (ENG)"]
[Result "1-0"]
[WhiteElo "2555"]
[BlackElo "2220"]

1.Nf3 Nf6 2.g3 g6 3.d4 Bg7 4.c4 O-O 5.Bg2 d6 6.O-O Nbd7 7.Nc3 e5 8.e4 c6 9.b3
exd4 10.Nxd4 Re8 11.h3 Nc5 12.Re1 d5 13.cxd5 cxd5 14.exd5 Rxe1+ 15.Qxe1 Nxd5
16.Nxd5 Bxd4 17.Be3 Bxa1 18.Qxa1 Nd7 19.Bd4 a5 20.Qc3 f6 21.Nc7 Rb8 22.Bd5+
Kh8 23.Ne8 Ne5 24.Nxf6 {#r} 1-0

[Event "It"]
[Site "masterchessopen.com Bogota (Colombia)"]
[Round "0"]
[White "Gutierrez Jose A (COL)"]
[Black "Acosta Alejandro (COL)"]
[Result "1-0"]
[WhiteElo "2350"]
[BlackElo "2312"]

1.c4 Nf6 2.Nc3 g6 3.Nf3 Bg7 4.g3 O-O 5.Bg2 d6 6.d4 Nbd7 7.O-O e5 8.e4 c6 9.d5
cxd5 10.cxd5 Nc5 11.Ne1 a5 12.Nd3 Nxd3 13.Qxd3 b6 14.Re1 Nd7 15.Be3 f5 16.exf5
gxf5 17.f4 e4 18.Qd2 Nc5 19.Bf1 Ba6 20.Nb5 Bxb5 21.Bxb5 Bf6 22.Rab1 Ra7 23.b3
h5 24.Re2 Rg7 25.Rg2 Rff7 26.Kh1 h4 27.gxh4 Bxh4 28.Rbg1 Bf6 29.Qd1 Rxg2
30.Rxg2+ Bg7 31.Qh5 Qf6 32.Be8 Rc7 33.Bg6 Qc3 34.Bh7+ Kf8 35.Qxf5+ Rf7 36.Qc8+
Ke7 37.Qc7+ Nd7 38.Qxc3 Bxc3 39.Bxe4 Kf8 40.Rc2 Bf6 41.Rc8+ Kg7 42.Bf5 {#r}
1-0

[Event "Ch World (juniors) (under 20)"]
[Site "masterchessopen.com Graz (Austria)"]
[Round "10"]
[White "Sisniega Marcel (MEX)"]
[Black "Bjork Carl-Magnus (SWE)"]
[Result "0-1"]
[WhiteElo "2455"]
[BlackElo "2334"]

1.Nf3 g6 2.c4 Bg7 3.Nc3 d6 4.d4 e5 5.g3 Nd7 6.Bg2 Ngf6 7.O-O O-O 8.e4 c6 9.Re1
Re8 10.h3 Qb6 11.d5 cxd5 12.cxd5 Nc5 13.Rb1 a5 14.Bf1 Bd7 15.Nd2 h5 16.Nc4 Qc7
17.a4 h4 18.Kh2 Rf8 19.Be3 Nh7 20.gxh4 f5 21.h5 gxh5 22.Qxh5 f4 23.Bxc5 Qxc5
24.Qe2 Rf6 25.Nd2 Qc7 26.Nf3 Rh6 27.Nb5 Qd8 28.Nxd6 Rxd6 {#R} 0-1

[Event "It"]
[Site "masterchessopen.com Bogota (Colombia)"]
[Round "5"]
[White "Cuellar Gacharna Miguel (COL)"]
[Black "Zapata Alonso (COL)"]
[Result "1-0"]
[WhiteElo "2280"]
[BlackElo "2483"]

1.d4 Nf6 2.c4 g6 3.Nc3 Bg7 4.g3 O-O 5.Bg2 d6 6.Nf3 Nbd7 7.O-O e5 8.e4 c6 9.b3
exd4 10.Nxd4 Nc5 11.Rb1 Re8 12.Re1 a5 13.h3 d5 14.cxd5 cxd5 15.exd5 Rxe1+
16.Qxe1 Nxd5 17.Nxd5 Bxd4 18.Be3 Nd3 19.Qd2 Bxe3 20.Nxe3 Qd7 21.Nd5 {#r} 1-0

[Event "It"]
[Site "masterchessopen.com Sydney (Australia)"]
[Round "4"]
[White "Kerr Stephen G R (AUS)"]
[Black "Fuller Maxwell L (AUS)"]
[Result "0-1"]
[WhiteElo "2280"]
[BlackElo "2269"]

1.d4 Nf6 2.c4 d6 3.Nc3 e5 4.Nf3 Nbd7 5.g3 g6 6.Bg2 Bg7 7.O-O O-O 8.e4 c6 9.Re1
Qb6 10.d5 cxd5 11.cxd5 Nc5 12.Qc2 Bd7 13.Nd2 Rac8 14.b3 Nh5 15.Bf1 f5 16.Nc4
Qc7 17.a4 Nf6 18.f3 fxe4 19.fxe4 Ng4 20.h3 Nxb3 21.Qxb3 Qc5+ 22.Ne3 Nxe3
23.Rxe3 Bh6 24.Nd1 Qd4 25.Bb2 Rxf1+ 26.Kxf1 Qd2 27.g4 Rc2 28.Qxc2 Qxc2 29.Re2
Qd3 30.Nf2 Qc4 31.Ra3 Bd2 32.Nd3 Ba5 33.Bxe5 dxe5 34.Nxe5 Qc1+ 35.Kg2 Qxa3
36.Nxd7 Qd6 37.Nf6+ Qxf6 38.e5 Qa6 39.Re3 Bd2 {#R} 0-1

[Event "Ch Great Britain"]
[Site "masterchessopen.com Brighton (England)"]
[Round "4"]
[White "Baker Chris W (ENG)"]
[Black "Burnett Jim (ENG)"]
[Result "1-0"]
[WhiteElo "2282"]
[BlackElo "2148"]

1.c4 g6 2.d4 Bg7 3.Nc3 d6 4.Nf3 Nf6 5.g3 O-O 6.Bg2 Nbd7 7.O-O e5 8.e4 c6 9.b3
Re8 10.h3 exd4 11.Nxd4 Nc5 12.Re1 d5 13.exd5 Rxe1+ 14.Qxe1 cxd5 15.Ba3 Nd3
16.Qe3 dxc4 17.Be7 Qb6 18.bxc4 Ng4 19.hxg4 Qxd4 20.Rd1 Qxe3 21.fxe3 Bxc3
22.Rxd3 Ba5 23.c5 Bxg4 24.Bxb7 Re8 25.Bd6 {#r} 1-0

[Event "Ch Yugoslavia"]
[Site "masterchessopen.com Sombor (Yugoslavia)"]
[Round "0"]
[White "Vukic Milan (BIH)"]
[Black "Portisch Ferenc (HUN)"]
[Result "1-0"]
[WhiteElo "2460"]
[BlackElo "2342"]

1.d4 Nf6 2.c4 g6 3.Nf3 Bg7 4.g3 O-O 5.Bg2 d6 6.O-O Nbd7 7.Nc3 e5 8.e4 c6 9.b3
Re8 10.h3 exd4 11.Nxd4 Nc5 12.Re1 Bd7 13.Rb1 d5 14.exd5 Rxe1+ 15.Qxe1 Nxd5
16.cxd5 Bxd4 17.Be3 Nd3 18.Qd2 Bxe3 19.Qxe3 Nb4 20.Rd1 Qf6 21.Ne4 Qb2 22.Nc5
Re8 23.Qd4 {#r} 1-0

[Event "Ch URS (1/2 final)"]
[Site "masterchessopen.com Tallinn (Estonia)"]
[Round "0"]
[White "Osnos Viatcheslav (RUS)"]
[Black "Dydyshko Viacheslav (BLR)"]
[Result "1-0"]
[WhiteElo "2384"]
[BlackElo "2512"]

1.c4 g6 2.d4 Nf6 3.g3 Bg7 4.Bg2 O-O 5.Nf3 d6 6.O-O Nbd7 7.Nc3 e5 8.e4 c6 9.b3
exd4 10.Nxd4 Nc5 11.h3 Re8 12.Re1 Qb6 13.Be3 Bd7 14.Qc2 Re7 15.Rab1 Qc7 16.b4
Ne6 17.Nde2 Rae8 18.Red1 Rf8 19.Qd2 Ne8 20.f4 f5 21.c5 dxc5 22.bxc5 fxe4
23.Nxe4 Bc8 24.Nd6 Rd7 25.Qb4 Kh8 26.Nc3 Nxd6 27.cxd6 c5 28.dxc7 Rxd1+ 29.Nxd1
cxb4 30.Rxb4 Nxc7 31.Bxa7 Na6 32.Rb1 Rf7 33.Ne3 h5 34.h4 Be6 35.a3 b5 36.Bb6
b4 37.axb4 Ba2 38.b5 Nc7 39.Rb4 Bc3 40.Ra4 {#r} 1-0

[Event "Ch URS"]
[Site "masterchessopen.com Vilnius (Lithuania)"]
[Round "5"]
[White "Kuzmin Gennadi P (UKR)"]
[Black "Vasiukov Evgeni (RUS)"]
[Result "1-0"]
[WhiteElo "2530"]
[BlackElo "2545"]

1.d4 Nf6 2.c4 d6 3.Nf3 g6 4.g3 Bg7 5.Bg2 O-O 6.O-O Nbd7 7.Nc3 e5 8.e4 c6 9.b3
Re8 10.h3 a6 11.Be3 b5 12.cxb5 axb5 13.dxe5 dxe5 14.Qc2 Qe7 15.Rfd1 Bb7 16.Ne1
Nf8 17.Nd3 N6d7 18.a4 bxa4 19.Nxa4 Ne6 20.Ndc5 Ndxc5 21.Nxc5 Nxc5 22.Bxc5 Qe6
23.Bf1 h5 24.Ra4 Rad8 25.Ra7 Qc8 26.Bc4 Bf6 27.Rd3 Kg7 28.Rf3 Rd7 29.b4 Red8
30.Kg2 h4 31.g4 Bg5 32.Qc3 Qb8 33.Qa1 f6 34.Be6 Rd1 35.Qa5 Kh6 36.Qb6 Ba8
37.Qa6 Re8 38.Bb3 Rdd8 39.Qc4 Rd5 40.exd5 cxd5 41.Rxa8 {#r} 1-0

[Event "Ch DDR"]
[Site "masterchessopen.com Furstenwalde (Germany)"]
[Round "3"]
[White "Gauglitz Gernot (GER)"]
[Black "Uhlmann Wolfgang (GER)"]
[Result "0-1"]
[WhiteElo "2406"]
[BlackElo "2510"]

1.d4 Nf6 2.c4 g6 3.Nf3 Bg7 4.g3 O-O 5.Bg2 d6 6.O-O Nbd7 7.Nc3 e5 8.e4 c6 9.Rb1
exd4 10.Nxd4 Ne5 11.b3 Nfd7 12.Be3 Qa5 13.Rc1 Nc5 14.h3 Re8 15.Qc2 Ned3 16.Rb1
Nb4 17.Qd2 Nxa2 18.Qxa2 Qxc3 19.Rfc1 Qb4 20.Nc2 Qb6 21.b4 Qa6 22.Qb3 Nxb3 {#R}
0-1

[Event "Ch URS (1 liga)"]
[Site "masterchessopen.com URS"]
[Round "0"]
[White "Piesina Gintautas (LTU)"]
[Black "Kochyev Alexander (RUS)"]
[Result "0-1"]
[WhiteElo "2325"]
[BlackElo "2540"]

1.c4 g6 2.g3 Bg7 3.Bg2 Nf6 4.Nc3 O-O 5.d4 d6 6.Nf3 Nbd7 7.O-O e5 8.e4 c6 9.Rb1
a6 10.Be3 Ng4 11.Bg5 f6 12.Bd2 f5 13.exf5 gxf5 14.h3 exd4 15.Bg5 Qe8 16.Nxd4
Nge5 17.Re1 Qg6 18.f4 Nc5 19.Nf3 Ne6 20.Bh4 Nxc4 21.Qd3 b5 22.Kh2 Nc5 23.Qc2
Bd7 24.Bf1 Rae8 25.Bxc4+ bxc4 26.Na4 Nxa4 27.Qxa4 Qf7 {#R} 0-1

[Event "Ch Argentina (1/2 final)"]
[Site "masterchessopen.com Buenos Aires (Argentina)"]
[Round "0"]
[White "Szmetan Jorge (ARG)"]
[Black "Borghi Humberto (ARG)"]
[Result "1-0"]
[WhiteElo "2372"]
[BlackElo "2292"]

1.Nf3 Nf6 2.c4 g6 3.g3 Bg7 4.Bg2 O-O 5.O-O d6 6.d4 Nbd7 7.Nc3 e5 8.e4 c6 9.Rb1
a5 10.h3 Re8 11.Be3 exd4 12.Nxd4 Nc5 13.Qc2 Qe7 14.Rbe1 Ne6 15.Rd1 Nh5 16.Nde2
Nc5 17.Qd2 Bf8 18.g4 Nf6 19.Ng3 Nfd7 20.b3 Bg7 21.Bd4 Bf8 22.f4 Ne6 23.Be3 Bg7
24.Nce2 Bf8 25.g5 Nec5 26.Bd4 f6 27.h4 a4 28.b4 Ne6 29.Ba1 a3 30.f5 gxf5
31.gxf6 Qf7 32.exf5 Nc7 33.Qg5+ Kh8 34.Bf3 {#r} 1-0

[Event "Ch Cleveland"]
[Site "masterchessopen.com Farum (Denmark)"]
[Round "1"]
[White "Bentzen Eric (DEN)"]
[Black "Cramling Dan (SWE)"]
[Result "0-1"]
[WhiteElo "2373"]
[BlackElo "2375"]

1.d4 g6 2.Nf3 Bg7 3.c4 d6 4.Nc3 Nd7 5.g3 e5 6.Bg2 Ngf6 7.O-O O-O 8.e4 c6 9.Rb1
a5 10.h3 Re8 11.Be3 exd4 12.Nxd4 Nc5 13.Qc2 Re7 14.Rbd1 Qc7 15.Bf4 Ne8 16.Qd2
a4 17.Rfe1 Qa5 18.Bxd6 Nxd6 19.Nxc6 bxc6 20.Qxd6 Re6 21.Qd8+ Qxd8 22.Rxd8+ Bf8
23.Red1 Nb7 24.R8d3 Be7 25.f4 Nc5 26.Rd4 a3 27.b4 Na6 28.b5 Bc5 29.bxa6 Rd6
30.Ne2 Bxa6 31.Kh2 Bxd4 32.Rxd4 Rxd4 33.Nxd4 Bxc4 34.Nxc6 Bxa2 35.e5 Be6
36.Ne7+ Kf8 {#R} 0-1

[Event "Ch Europe (juniors) (under 20)"]
[Site "masterchessopen.com Groningen (Netherlands)"]
[Round "10"]
[White "Gudmundsson Elvar (ISL)"]
[Black "D'Amore Carlo (ITA)"]
[Result "1-0"]
[WhiteElo "2316"]
[BlackElo "2493"]

1.c4 Nf6 2.Nc3 g6 3.g3 Bg7 4.Bg2 O-O 5.d4 d6 6.Nf3 Nbd7 7.O-O e5 8.e4 c6 9.b3
exd4 10.Nxd4 Nc5 11.h3 Bd7 12.Re1 Re8 13.Bf4 Qb6 14.Be3 Qc7 15.Qc2 Re7 16.Rad1
Rae8 17.Bg5 a6 18.Re2 h6 19.Bf4 Nh5 20.Nf5 gxf5 21.Bxd6 Qb6 22.Bxe7 Rxe7
23.exf5 Be5 24.Rde1 f6 25.Bf3 Ng7 26.Rxe5 Rxe5 27.Rxe5 fxe5 28.f6 Bf5 29.Qd2
Nge6 30.Qxh6 Qd8 31.Bh5 Bh7 32.f7+ Kh8 33.b4 Qf8 34.Qxf8+ Nxf8 35.bxc5 Bd3
36.a3 Bxc4 37.Ne4 a5 38.Nd6 Ba6 39.Bg4 Kg7 40.Bc8 Kf6 41.h4 {#r} 1-0

[Event "Ch Europe (juniors) (under 20)"]
[Site "masterchessopen.com Groningen (Netherlands)"]
[Round "6"]
[White "Stohl Igor (SVK)"]
[Black "Bosboom Manuel (NED)"]
[Result "1-0"]
[WhiteElo "2524"]
[BlackElo "2399"]

1.c4 g6 2.d4 Bg7 3.Nc3 Nf6 4.Nf3 O-O 5.g3 d6 6.Bg2 Nbd7 7.O-O e5 8.e4 c6 9.b3
exd4 10.Nxd4 Nc5 11.h3 Re8 12.Re1 Qa5 13.Bd2 Nfd7 14.Nce2 Qd8 15.Qc2 Nf6
16.Nc3 Ng4 17.Nde2 Ne5 18.Be3 Qf6 19.f4 Ned3 20.Red1 Nb4 21.Qd2 Qe7 22.Bd4
Bxd4+ 23.Nxd4 a5 24.a3 Nba6 25.b4 Nd7 26.b5 Nab8 27.Nc2 Nb6 28.Ne3 Be6 29.Qxd6
Qxd6 30.Rxd6 Nxc4 31.Rxe6 fxe6 32.Nxc4 Rd8 33.Rc1 Rd4 34.Nb6 Ra7 35.e5 Nd7
36.Nc8 Ra8 37.Nd6 Rb8 38.Nce4 h6 39.bxc6 bxc6 40.Rxc6 Kf8 41.Rc7 Rd8 42.Bf1
{#r} 1-0

[Event "Olympiad"]
[Site "masterchessopen.com Lucerne (Switzerland)"]
[Round "8"]
[White "Helmers Knut J (NOR)"]
[Black "Morovic Fernandez Ivan (CRO)"]
[Result "1-0"]
[WhiteElo "2425"]
[BlackElo "2582"]

1.Nf3 Nf6 2.c4 d6 3.g3 g6 4.Bg2 Bg7 5.O-O O-O 6.Nc3 e5 7.d4 Nbd7 8.e4 c6 9.b3
exd4 10.Nxd4 Re8 11.h3 Nc5 12.Re1 Nfd7 13.Be3 a5 14.Rb1 Ne5 15.Qc2 a4 16.Red1
Qe7 17.f4 axb3 18.axb3 Ned7 19.Bf2 Nf8 20.b4 Nce6 21.Nde2 h5 22.Rd3 h4 23.Rbd1
hxg3 24.Bxg3 Nc7 25.Rxd6 Nd5 26.R6xd5 cxd5 27.Nxd5 Qd8 28.Kh2 Be6 29.Nec3 Bxd5
30.Nxd5 Ra1 31.Rxa1 Bxa1 32.e5 Nd7 33.Qa4 Bxe5 34.fxe5 Re6 35.Qa1 Qb8 36.Qd4
Nxe5 37.Nf6+ Kg7 38.Nd7 {#r} 1-0

[Event "Olympiad"]
[Site "masterchessopen.com Lucerne (Switzerland)"]
[Round "9"]
[White "Perez Nivar Marco T (DOM)"]
[Black "Bielczyk Jacek (POL)"]
[Result "0-1"]
[WhiteElo "2295"]
[BlackElo "2301"]

1.Nf3 d6 2.d4 g6 3.g3 Bg7 4.Bg2 Nd7 5.O-O e5 6.c4 Ngf6 7.Nc3 O-O 8.e4 c6 9.b3
Re8 10.h3 exd4 11.Nxd4 Nc5 12.Re1 a5 13.Bb2 Nfd7 14.Qd2 Qb6 15.Nf3 Qb4 16.Nd4
Ne5 17.Re3 a4 18.f4 Ned7 19.Nc2 Qb6 20.b4 Nxe4 21.Bxe4 a3 22.Bxa3 Rxe4 23.c5
Rxe3 24.cxb6 Rxg3+ 25.Kh2 Rxc3 26.Bb2 Rc4 27.Bxg7 Kxg7 28.a3 Nxb6 29.f5 Nd5
30.Nd4 c5 31.bxc5 dxc5 32.Nb5 Nf6 33.Qd8 b6 34.Nd6 Rc2+ 35.Kg1 Bb7 36.Qe7 Bd5
37.Qc7 Rh8 38.Nxf7 Bxf7 {#R} 0-1

[Event "Olympiad"]
[Site "masterchessopen.com Lucerne (Switzerland)"]
[Round "1"]
[White "Yap Andromico (PHI)"]
[Black "Lee Cecil (TRI)"]
[Result "1-0"]
[WhiteElo "2470"]
[BlackElo "1954"]

1.c4 Nf6 2.Nf3 g6 3.d4 Bg7 4.g3 d6 5.Bg2 Nbd7 6.O-O O-O 7.Nc3 e5 8.e4 c6 9.Rb1
Qc7 10.h3 Re8 11.Re1 a6 12.a4 b6 13.d5 c5 14.Be3 Nf8 15.Nd2 Nh5 16.b4 f5
17.exf5 Bxf5 18.Rb3 Bd7 19.a5 Rab8 20.axb6 Rxb6 21.bxc5 dxc5 22.Rxb6 Qxb6
23.Nde4 Qb4 24.Bxc5 Qa5 25.Qb3 Qc7 26.Bb6 Qb8 27.c5 Nf6 28.c6 Nxe4 29.Nxe4 Bf5
30.d6+ Be6 31.Qb4 Kh8 32.c7 Qc8 33.Nc5 Bxh3 34.Bxh3 Qxh3 35.Qa4 Ra8 36.d7 Nxd7
37.Qxd7 Qxd7 38.Nxd7 {#r} 1-0